00676nam a2200217 a 450000100060000000300080000600500170001400800410003103500190007204000310009104100080012208200260013010000200015624500770017626000400025330000260029350400260031965100530034565100430039870000170044142284BD-RjUL20211209053522.0160611s1958 ii 000 0 eng  a(BD-RjUL)42402 aDLCcOAUdDLCdBD-RjUbeng aeng 223a320.954bDAC 19581 aDastur, Aloo J.10aCongress rule in Bombay, 1952 to 1956 /cby Aloo J. Dastur & Usha Mehta. aBombay :bPopular Book Depot,c1958 axiv, 205 p. ;c23 cm. aBibliography: p. 205. 0aBombay (India : State)xPolitics and government. 0aBombay (India : State)xSocial policy.1 aMehta, Usha,